[Event "Hokkaido-ch"]
[White "Ito, Katsuhide"]
[Black "Takeuchi, Hiroshi"]
[Site "Sapporo"]
[Round "5"]
[Result "1/2-1/2"]
[Date "2020.03.22"]
[WhiteElo "1257"]
[BlackElo "1343"]
[PlyCount "97"]
[EventDate "2020.03.21"]
[EventType "swiss"]
[EventRounds "5"]
[EventCountry "JPN"]
[SourceTitle "CBM 195 Extra"]
[Source "ChessBase"]
[SourceDate "2020.05.31"]
[SourceVersion "1"]
[SourceVersionDate "2020.05.31"]
[SourceQuality "1"]

1. e4 d6 2. d4 Nf6 3. Nc3 g6 4. Nf3 Bg7 5. Bc4 0-0 6. h3 Nbd7 7. 0-0 e5 8. Ng5 exd4 9. Bxf7+ Rxf7 10. Nxf7 Kxf7 11. Qxd4 Nb6 12. Bg5 Qe8 13. Rfe1 Nfd7 14. Qd3 Ne5 15. Qe2 h6 16. Bf4 Be6 17. Bxe5 Bxe5 18. Qf3+ Kg7 19. Rad1 Qd7 20. Nd5 Rf8 21. Qe3 Qf7 22. f4 Bxf4 23. Nxf4 Qxf4 24. Qc3+ Qe5 25. Qxc7+ Bf7 26. Qxd6 Qxb2 27. Rf1 Qxa2 28. Qf6+ Kg8 29. Rd8 Rxd8 30. Qxd8+ Kg7 31. Qf6+ Kg8 32. Ra1 Qxc2 33. Rf1 Qc4 34. e5 Qd5 35. Re1 Qd4+ 36. Kh1 Nc4 37. Rf1 Nxe5 38. Rb1 Qd5 39. Qe7 b5 40. Qxa7 Qe4 41. Rf1 Qe2 42. Rg1 b4 43. Qb8+ Kg7 44. Qxb4 Nd3 45. Qd4+ Kg8 46. Qf6 Nf2+ 47. Kh2 Ne4 48. Qd8+ Kg7 49. Qd4+ 1/2-1/2